Vrai ou Faux: Histoire des États-Unis #1 - Statistiques

Statistiques générales
  • Ce quiz a été pris 1 494 fois
  • Le résultat moyen est 13 sur 20
Statistiques - réponses
Question Réponse % Correct
La fête nationale américaine est fêtée après la fête nationale française. Faux
93%
La France contrôlait la Louisiane, qui s'étendait jusqu'au Grands Lacs en suivant le bassin du Mississippi et était divisée en "Haute-Louisiane et Basse-Louisiane". Vrai
90%
La Guerre du Viêt Nam s'est déroulée pendant la Guerre Froide. Vrai
88%
Aucun acteur n'a été élu président des États-Unis à ce jour. Faux
87%
Les attentats du 11 septembre 2001 sont une série d'attentats menés par Al-Qaïda visant le World Trade Center à New York, le Pentagone et le Capitole à Washington. Vrai
85%
Le Mccarthysme est une pratique visant à chasser les juifs des États-Unis. Faux
79%
La Déclarion d'Indépendance des États-Unis a été rédigée par Thomas Jefferson. Vrai
79%
Benedict Arnold est considéré comme un traître aux États-Unis pour avoir voulu livrer le fort de West Point aux Anglais pendant la guerre d'Indépendance. Vrai
78%
Davy Crockett trouva la mort lors du siège de Fort Alamo. Vrai
73%
Sitting Bull était un chef de tribu Sioux, plus précisément des Lakotas Hunkpapas. Vrai
72%
Le Capitole des États-Unis a été construit avant la Statue de la Liberté. Vrai
67%
Lee Harvey Ostwald est l'assassin d'Abraham Lincoln. Faux
65%
La bataille de Gettysburg se déroula pendant la Guerre de 1812. Faux
64%
Le Delaware est le premier état à entrer dans l'Union. Vrai
58%
La mission Apollo XI à atteint son objectif (la Lune) lors du mandat du président Lyndon B. Johnson. Faux
56%
Le dernier état à enter dans l'Union est l'Alaska. Faux
53%
La bataille de Little Bighorn s'est déroulée après la Guerre de Sécession. Vrai
47%
Le 7 décembre 1941, les forces aéronavales japonaises lancent une attaque surprise contre la base navale californienne de Pearl Harbor. Faux
36%
La Californie faisait partie de la Nouvelle-Espagne jusqu'à son adhésion à l'Union en 1845. Faux
26%
Cette même Déclaration d'Indépendance contient les signatures de 56 membres du Second Siège Continental, dont Thomas Jefferson, George Washington et Benjamin Franklin. Faux
19%
Aucun quiz correspondant
Distribution des résultats
% des personnes avec chaque résultat
Percentile par nombre de réponses
Votre historique - résultats
Vous n’avez pas pris ce quiz